Life-span human development. / (Record no. 10107)

MARC details
000 -LEADER
fixed length control field 01619cam a2200325 a 4500
001 - CONTROL NUMBER
control field 16463888
003 - CONTROL NUMBER IDENTIFIER
control field OSt
005 - DATE AND TIME OF LATEST TRANSACTION
control field 20231031163355.0
008 - FIXED-LENGTH DATA ELEMENTS--GENERAL INFORMATION
fixed length control field 100917s2012 at a b 001 0 eng d
020 ## - INTERNATIONAL STANDARD BOOK NUMBER
International Standard Book Number 9781133359975
020 ## - INTERNATIONAL STANDARD BOOK NUMBER
International Standard Book Number 1133359973
035 ## - SYSTEM CONTROL NUMBER
System control number (OCoLC)ocn701722481
040 ## - CATALOGING SOURCE
Original cataloging agency IXA
Transcribing agency LC
Modifying agency IXA
-- YDXCP
-- BWX
-- DLC
042 ## - AUTHENTICATION CODE
Authentication code lccopycat
050 00 - LIBRARY OF CONGRESS CALL NUMBER
Classification number BF713.S53
082 04 - DEWEY DECIMAL CLASSIFICATION NUMBER
Classification number 155
Edition number 21
100 1# - MAIN ENTRY--PERSONAL NAME
Personal name Sigelman, Carol K.
9 (RLIN) 2541
245 10 - TITLE STATEMENT
Title Life-span human development. /
Statement of responsibility, etc. Carol K. Sigelman, Elizabeth A. Rider.
250 ## - EDITION STATEMENT
Edition statement 2nd ed.
260 ## - PUBLICATION, DISTRIBUTION, ETC.
Place of publication, distribution, etc. Mason, Ohio:
Name of publisher, distributor, etc. Cengage Learning,
Date of publication, distribution, etc. 2011.
300 ## - PHYSICAL DESCRIPTION
Extent xxvi, 575 p. :
Other physical details ill. (chiefly col.) ;
Dimensions 29 cm.
504 ## - BIBLIOGRAPHY, ETC. NOTE
Bibliography, etc. note Includes bibliographical references (p. R-1-77) and indexes.
505 ## - FORMATTED CONTENTS NOTE
Formatted contents note Contents: Understanding life-span human development -- Theories of human development -- Genes, environment and development -- Prenatal development and birth -- Health and physical development -- Sensation, perception and attention -- Cognition -- Memory and information processing -- Intelligence and creativity -- Language and education -- Self and personality -- Gender roles and sexuality -- Social cognition and moral development -- Attachment and social relationships -- The Family -- Developmental psychopathology -- The Final challenge: death and dying --
650 #0 - SUBJECT ADDED ENTRY--TOPICAL TERM
Topical term or geographic name entry element Developmental psychology.
9 (RLIN) 2542
700 1# - ADDED ENTRY--PERSONAL NAME
Personal name Rider, Elizabeth A.
9 (RLIN) 2543
906 ## - LOCAL DATA ELEMENT F, LDF (RLIN)
a 7
b cbc
c copycat
d 3
e ncip
f 20
g y-gencatlg
942 ## - ADDED ENTRY ELEMENTS (KOHA)
Source of classification or shelving scheme Library of Congress Classification
Koha item type Books
Holdings
Withdrawn status Lost status Source of classification or shelving scheme Damaged status Not for loan Home library Current library Shelving location Date acquired Total Checkouts Full call number Barcode Date last seen Price effective from Koha item type
    Library of Congress Classification     WISCONSIN INTERNATIONAL UNIVERSITY COLLEGE, GHANA KUMASI LIBRARY WISCONSIN INTERNATIONAL UNIVERSITY COLLEGE, GHANA KUMASI LIBRARY nursing 26/11/2019   BF713.S53(2e) KSN/701/701/19 09/10/2023 09/10/2023 Books

If you have any concerns or questions; kindly contact the library


© Powered by WIUC ICT DIRECTORATE